000 00470nam a2200181Ia 4500
001 22886
003 IN-NITTTR
005 20251114233258.0
008 251113s9999||||xx |||||||||||||| ||eng||
040 _beng
040 _cIN-NITTTR
041 _aeng
082 _a621.112 I2I
100 _aIndulkar, C. S.
245 3 _aAn introduction to electrical engineering materials /
_cIndulkar, C. S., Thiruvengadam, S.
700 _a Thiruvengadam, S.
942 _2ddc
_cBK
999 _c25515
_d25515